Biogas plants in Europe : a practical handbook
Αποθηκεύτηκε σε:
| Κύριος συγγραφέας: | |
|---|---|
| Άλλοι συγγραφείς: | , |
| Μορφή: | Βιβλίο |
| Γλώσσα: | English |
| Δημοσίευση: |
Dordrecht :
D. Reidel,
1984
|
| Σειρά: | Solar energy R & D in the European Community. Series E, Energy from biomass ;
; 6 |
| Θέματα: | |
| Ετικέτες: |
Προσθήκη ετικέτας
Δεν υπάρχουν, Καταχωρήστε ετικέτα πρώτοι!
|
MARC
| LEADER | 00000nam a2200000 i 4500 | ||
|---|---|---|---|
| 001 | 1/64944 | ||
| 008 | 931004s eng d | ||
| 020 | |a 90-277-1780-X | ||
| 035 | |a ΛΕΣΒΟΣb10001472 |l 10001472 | ||
| 040 | |a GR-MY-UA |b gre |e aacr | ||
| 041 | 0 | |a eng | |
| 082 | 0 | |a 665.776094 | |
| 100 | 1 | |a Demuynck, M. |q (Myriam) | |
| 245 | 1 | 0 | |a Biogas plants in Europe : |b a practical handbook / |c M. Demuynck; E. J. Nyns; W. Palz |
| 260 | |a Dordrecht : |b D. Reidel, |c 1984 | ||
| 300 | |a 319 p. |b tables | ||
| 490 | 1 | |a Solar energy R & D in the European Community. Series E, Energy from biomass |v ; 6 | |
| 504 | |a Includes glossary, bibliographical references and index | ||
| 650 | 0 | 0 | |a Biogas |z Europe. |
| 700 | 1 | |a Nyns, E. J. | |
| 700 | 1 | |a Palz, Wolfgang. | |
| 830 | 0 | |a Solar energy R & D in the European Community. Series E, Energy from biomass ; |v ; 6 | |
| 852 | |a INST |b LESVOS |e 19931004 |h 665.776094 DEM |p 005100006056 |q 005100006056 |t BK |y 0 | ||
| 909 | |a Λ |b 024191 | ||